Państwa z najgorszymi paszportami - Statystyki

Ogólne statystyki
  • Ten quiz został rozwiązany 1 774 razy
  • Średni wynik to 11 z 22
Statystyki odpowiedzi
# Kraj % Poprawnych
50 Korea Północna
84%
37 Irak
73%
49 Iran
72%
35 Afganistan
69%
40 Syria
67%
48 Sudan
60%
42 Pakistan
59%
42 Somalia
58%
44 Jemen
56%
52 Kongo
54%
52 Sudan Południowy
52%
50 Nigeria
51%
48 Libia
50%
50 Etiopia
48%
52 Liban
43%
50 Erytrea
42%
52 Nepal
35%
49 Bangladesz
34%
53 Mjanma / Birma
31%
53 Kosowo
30%
52 Dem. Rep. Konga
25%
53 Sri Lanka
25%
Nie znaleziono quizów pasujących do podanych kryteriów
Rozkład punktacji
Procent ludzi z każdym wynikiem
Percentyl według liczby udzielonych odpowiedzi
Twoja historia wyników
Nie rozwiązałeś tego quizu